Health Care Data Analytics (Record no. 35895)
[ view plain ]
| 000 -LEADER | |
|---|---|
| fixed length control field | 00259 a2200109 4500 |
| 000 - LEADER | |
| fixed length control field | nam a22 7a 4500 |
| 020 ## - INTERNATIONAL STANDARD BOOK NUMBER | |
| International Standard Book Number | 9781032527802 |
| 100 ## - MAIN ENTRY--PERSONAL NAME | |
| Personal name | Reddy,Chandan K |
| 9 (RLIN) | 64 |
| 245 ## - TITLE STATEMENT | |
| Title | Health Care Data Analytics |
| 260 ## - PUBLICATION, DISTRIBUTION, ETC. | |
| Name of publisher, distributor, etc. | CRC Press |
| Date of publication, distribution, etc. | 2023 |
| 264 ## - PRODUCTION, PUBLICATION, DISTRIBUTION, MANUFACTURE, AND COPYRIGHT NOTICE | |
| Name of producer, publisher, distributor, manufacturer | CRC Press |
No items available.